University Logos with No Letters - Statistics

General Stats
  • This quiz has been taken 79 times
  • The average score is 16 of 24
Answer Stats
Picture Answer % Correct
Texas
96%
Florida
95%
Penn State
90%
Clemson
88%
Arizona State
87%
Connecticut
85%
Boise State
77%
Iowa
76%
Oregon State
76%
Army
73%
Southern Methodist
73%
Kansas State
69%
Louisville
68%
Wyoming
68%
Colorado State
63%
Ball State
56%
Coastal Carolina
56%
San Jose State
56%
DePaul
45%
Providence
41%
Butler
40%
Seton Hall
38%
Saint Louis
31%
Howard
26%
No matching quizzes found
Score Distribution
Percent of People with Each Score
Percentile by Number Answered
Your Score History
You have not taken this quiz